1796 1417 1740 1599 1643 1966 1544 1239 1992 1962 1773 1486 1289 1352 1705 1389 1882 1571 1774 1346 1869 1228 1921 1435 1972 1369 1016 1286 1356 1438 1529 1561 1634 1033 1301 1825 1690 1581 1520 1523 1413 1236 1748 1735 1161 1165 1000 1100 1858 1042 1513 1327 1921 1814 1925 1932 1228 1766 1690 1080 1673 1541 1972 1309 1776 1987 1218 1491 1221 1579 1641 1482 1679 1845 1748 1220 1171 1094 1403 1971 1755 1467 1270 1112 1262 1637 1202 1772 1367 1249 1542 1536 1231 1855 1033 1813 1783 1763 1237 BCNSPRNW ULIB Ver.6.0+V

เปลี่ยนเป็นภาษาไทย

Change to English
 แสดงรายละเอียดบรรณานุกรม
  กลับหน้าหลัก

Brief Record : Get Marc (ISO 2709) : E-mail record : QR code < ปิดหน้าต่าง
LEADER : 00000nam 2200000uu 4500
001    13399108006
003     ULIB
008    110214s2547||||th 000 0 tha d
020    9747207826
060 04 WY160^bก492 2547
245 00 การพยาบาลสุขภาพจิตและจิตเวช /^cคณะผู้เขียน, ฉวี ธรรมสุข... [และคนอื่นๆ]
250    พิมพ์ครั้งที่ 1
260    กรุงเทพฯ :^bภาควิชาการพยาบาลจิตเวชศาสตร์ วิทยาลัยพยบาลสภากาชาดไทย,^c2547
300    242 หน้า ;^c30 ซม.
650  7 การพยาบาลจิตเวชศาสตร์
650  7 ผู้ป่วยจิตเวช^xการดูแล
650  7 สุขภาพจิต
700 0  ฉวี ธรรมสุข
710 2  วิทยาลัยพยาบาลสภากาชาดไทย. ^bภาควิชาการพยาบาลจิตเวชศาสตร์
945    ^p260^l0^i016985
995    เกษร
999 ^a ใช้งานได้ทุกระบบ
รายการนี้ยังไม่มีแท็ก
คุณยังไม่ได้ล็อกอิน คุณสามารถมีกิจกรรมร่วมกับเว็บไซต์ได้ แต่ต้องล็อกอินก่อน ::
  ล็อกอิน

รายการสื่อสารสนเทศ

ลำดับที่ ประเภท เลขเรียก/บาร์โค้ด สถานที่ สถานะ
1. วิทยาศาสตร์การแพทย์ และสุขภาพ
วิทยาศาสตร์การแพทย์ และสุขภาพ
สถานะ=หนังสือเก่า
WY160 ก492 2547 ฉ.1 
  Barcode: 016985
ห้องสมุดวิทยาเขตสวรรค์ประชารักษ์
►ส่วนจัดเก็บหนังสือเก่า สปร
บนชั้น
  ขอยืม

รายการใกล้เคียง
    หัวเรื่อง [การพยาบาลจิตเวชศาสตร์]
    หัวเรื่อง [ผู้ป่วยจิตเวช การดูแล]
    หัวเรื่อง [สุขภาพจิต]

BibComment


ยังไม่เคยถูกคอมเมนท์

คอมเมนท์ทรัพยากรรายการนี้
  คอมเมนท์: การพยาบาลสุขภาพจิ..


 Copyright 2026. Bcnsprnw @Library